01169nam a2200301 a 4500001001000000003000900010005001700019007000300036008004100039020001500080040002500095082002400120100002300144245004700167260004500214300003600259500006600295504003200361590002800393650006100421650005300482650007700535650006700612910004100679942001400720952011800734999001500852000003537DO-SdBNP20250827135150.0ta090710s2004 dr ac 001 0 spa d a0974685534 aDO-SdBNPbspacBNPHU 4a972.9356bR741r2221 aRojas, Rosa91094910aRaíces de mi pueblo Licey /cRosa Rojas. aSanto Domingo :bAmigo del Hogar,c2004. a262 p. :bil., retrs. ;c22 cm. aIncluye datos biográficos de la autora en la contracubierta abibliografía : p. 263-264 aInventariado, 2022 / DG 4aLicey al Medio (República Dominicana)xHistoria910950 4aCiudades y pueblosxRepública Dominicana91095 4aLicey al Medio (República Dominicana)xVida social y costumbres910951 4aLicey al Medio (República Dominicana)xHistoria local910952 aValidado. Control de calidad MMOLINA 2ddccLBS1 00102ddc51708PDaBNPHUbBNPHUcHDd2009-07-10oBNPHU PD 972.9356 R741rp3537-10r2020-06-25w2020-06-25yLBS1 c3363d3363